[Event "Bosnjaci op 20th"]
[Site "Bosnjaci"]
[Date "2015.01.08"]
[Round "8"]
[White "Blagojevic, Marijan"]
[Black "Lukic, Milutin"]
[Result "1-0"]
[WhiteElo "2148"]
[BlackElo "1953"]
[PlyCount "61"]
[EventDate "2015.01.03"]
[EventType "swiss"]
[EventRounds "9"]
[EventCountry "CRO"]
[SourceTitle "CBM 164 Extra"]
[Source "ChessBase"]
[SourceDate "2015.03.02"]
[SourceVersion "1"]
[SourceVersionDate "2015.03.02"]
[SourceQuality "1"]

1. d4 c5 2. d5 Nf6 3. c4 d6 4. Nc3 b6 5. e4 e5 6. Bd3 h6 7. h3 Nh7 8. Be3 Be7 9. g3 0-0 10. Qc2 Bg5 11. f4 exf4 12. gxf4 Bh4+ 13. Kd2 g6 14. Nf3 Bf6 15. Rag1 Bg7 16. e5 dxe5 17. fxe5 Ng5 18. Nxg5 hxg5 19. Bxg5 Qe8 20. e6 fxe6 21. Kc1 Rf5 22. Bxf5 exf5 23. Re1 Qf8 24. Ne2 Nd7 25. Nf4 Ne5 26. Rhf1 Qd6 27. Nd3 Bd7 28. Bf4 Re8 29. Nxe5 Bxe5 30. Rxe5 Rxe5 31. Qh2 1-0

[Event "Bosnjaci op 20th"]
[Site "Bosnjaci"]
[Date "2015.01.07"]
[Round "7"]
[White "Tucakovic, Zdravko"]
[Black "Blagojevic, Marijan"]
[Result "1/2-1/2"]
[WhiteElo "2004"]
[BlackElo "2148"]
[PlyCount "167"]
[EventDate "2015.01.03"]
[EventType "swiss"]
[EventRounds "9"]
[EventCountry "CRO"]
[SourceTitle "CBM 164 Extra"]
[Source "ChessBase"]
[SourceDate "2015.03.02"]
[SourceVersion "1"]
[SourceVersionDate "2015.03.02"]
[SourceQuality "1"]

1. e4 c5 2. Nf3 d6 3. d4 cxd4 4. Nxd4 Nf6 5. Nc3 a6 6. Be2 e6 7. Be3 Be7 8. 0-0 Qc7 9. Qd2 b5 10. a3 Bb7 11. f3 Nbd7 12. Rad1 0-0 13. Ndxb5 axb5 14. Nxb5 Qb8 15. Nxd6 Bxd6 16. Qxd6 Qxd6 17. Rxd6 Rfc8 18. Bb5 Ne5 19. Rfd1 h6 20. c3 Bc6 21. Bxc6 Nxc6 22. Bc1 Na5 23. Kf2 Nc4 24. R6d3 Kf8 25. Ke2 Ke7 26. b3 Nxa3 27. c4 Nc2 28. e5 Ne8 29. Rd7+ Kf8 30. Bd2 Nc7 31. Kd3 Ra2 32. Rc1 Na1 33. Bb4+ Kg8 34. Rb1 Na6 35. Bd6 Nc2 36. b4 Na3 37. Rc1 Nb5 38. c5 Nxb4+ 39. Kc4 Nd5 40. Kxb5 Rb2+ 41. Kc4 Rxg2 42. Rb1 Rc2+ 43. Kd3 Rc3+ 44. Kd2 Rxf3 45. Ke2 Rh3 46. Rh1 Ra3 47. Rf1 Ra2+ 48. Kd3 Ra3+ 49. Kd2 Ra2+ 50. Kd3 Ra3+ 51. Kd2 f5 52. exf6 Nxf6 53. Re7 Ne4+ 54. Ke2 Ra2+ 55. Ke3 Nxc5 56. Rg1 g5 57. Bxc5 Rxc5 58. Rxe6 Kg7 59. h4 Rcc2 60. Rb6 Ra3+ 61. Kd4 Rd2+ 62. Ke4 Re2+ 63. Kd4 Rd2+ 64. Ke4 Re2+ 65. Kd4 Ra4+ 66. Kd3 Re5 67. hxg5 hxg5 68. Rc1 Rd5+ 69. Ke3 Re5+ 70. Kf3 Rf5+ 71. Kg3 Ra3+ 72. Kg2 Rf6 73. Rxf6 Kxf6 74. Rc5 Kg6 75. Rc4 Kh5 76. Rc6 Rb3 77. Rc4 g4 78. Rc2 Kh4 79. Kh2 Rh3+ 80. Kg2 Rd3 81. Kh2 Rg3 82. Ra2 Rf3 83. Kg2 Rd3 84. Rb2 1/2-1/2

[Event "Bosnjaci op 20th"]
[Site "Bosnjaci"]
[Date "2015.01.05"]
[Round "4"]
[White "Cvitan, Ena"]
[Black "Blagojevic, Marijan"]
[Result "0-1"]
[WhiteElo "1883"]
[BlackElo "2148"]
[PlyCount "46"]
[EventDate "2015.01.03"]
[EventType "swiss"]
[EventRounds "9"]
[EventCountry "CRO"]
[SourceTitle "CBM 164 Extra"]
[Source "ChessBase"]
[SourceDate "2015.03.02"]
[SourceVersion "1"]
[SourceVersionDate "2015.03.02"]
[SourceQuality "1"]

1. d4 Nf6 2. c4 g6 3. Nc3 Bg7 4. e4 d6 5. Nf3 0-0 6. Be2 Nbd7 7. 0-0 e5 8. dxe5 dxe5 9. Be3 c6 10. Qc2 Qe7 11. Nd2 Re8 12. a3 Nf8 13. b4 Ne6 14. f3 Nd4 15. Qb2 Nh5 16. Rfd1 Nf4 17. Bxf4 exf4 18. Bf1 Nf5 19. Nb3 Ne3 20. Rd2 Be6 21. Nc5 Bxc4 22. Nd3 Rad8 23. Nxf4 Nxf1 0-1

[Event "Pula op 28th"]
[Site "Pula"]
[Date "2014.06.10"]
[Round "5"]
[White "Dauth, Benjamin"]
[Black "Blagojevic, Marijan"]
[Result "1-0"]
[WhiteElo "2345"]
[BlackElo "2143"]
[PlyCount "103"]
[EventDate "2014.06.07"]
[EventType "swiss"]
[EventRounds "9"]
[EventCountry "CRO"]
[SourceTitle "CBM 160 Extra"]
[Source "ChessBase"]
[SourceDate "2014.07.01"]
[SourceVersion "1"]
[SourceVersionDate "2014.07.01"]
[SourceQuality "1"]

1. e4 c5 2. c3 d5 3. exd5 Qxd5 4. d4 Nf6 5. Nf3 Bg4 6. Qa4+ Bd7 7. Qb3 Qxb3 8. axb3 cxd4 9. Nxd4 e5 10. Nb5 Bxb5 11. Bxb5+ Nbd7 12. 0-0 a6 13. Re1 Bd6 14. Bg5 0-0-0 15. Bxd7+ Rxd7 16. Nd2 Nd5 17. Ne4 f6 18. Bd2 Be7 19. Kf1 Rhd8 20. Bc1 g6 21. Nd2 Nb6 22. Ke2 Kb8 23. Nc4 Nxc4 24. bxc4 Rc8 25. b3 Rcd8 26. Be3 Rd3 27. Bd4 e4 28. f3 f5 29. fxe4 fxe4 30. Rad1 Rxd1 31. Rxd1 Bg5 32. Rf1 Kc7 33. g3 Rd7 34. h4 Bh6 35. g4 Bg7 36. Ke3 Re7 37. Rf4 Bh6 38. g5 Bg7 39. Bxg7 Rxg7 40. Rxe4 Kd6 41. Kd4 Rf7 42. c5+ Kd7 43. b4 Rf3 44. Kc4 Kc6 45. Re6+ Kd7 46. Rd6+ Kc8 47. Rf6 Rxf6 48. gxf6 Kd7 49. Kd5 h6 50. c4 g5 51. hxg5 hxg5 52. b5 1-0

[Event "Bosnjaci op 19th"]
[Site "Bosnjaci"]
[Date "2014.01.06"]
[Round "5"]
[White "Blagojevic, Marijan"]
[Black "Caric, Mato"]
[Result "1-0"]
[WhiteElo "2160"]
[BlackElo "2045"]
[PlyCount "103"]
[EventDate "2014.01.03"]
[EventType "swiss"]
[EventRounds "9"]
[EventCountry "CRO"]
[SourceTitle "CBM 158 Extra"]
[Source "ChessBase"]
[SourceDate "2014.02.28"]
[SourceVersion "1"]
[SourceVersionDate "2014.02.28"]
[SourceQuality "1"]

1. d4 Nf6 2. c4 g6 3. Nc3 Bg7 4. e4 d6 5. Nf3 0-0 6. Be2 c5 7. 0-0 Na6 8. Rb1 Bd7 9. a3 cxd4 10. Nxd4 Nc5 11. f3 Rc8 12. Be3 a6 13. b4 Ne6 14. Qd2 Nxd4 15. Bxd4 Be6 16. Nd5 Bxd5 17. cxd5 e6 18. dxe6 fxe6 19. Rfd1 Qe7 20. Rbc1 Kh8 21. Be3 Rxc1 22. Rxc1 Qd7 23. Bb6 Ne8 24. b5 axb5 25. Qb4 d5 26. Bxb5 Qd6 27. Bc5 Qf4 28. Rd1 Rg8 29. exd5 Qxb4 30. Bxb4 exd5 31. Bxe8 Rxe8 32. Rxd5 Rc8 33. Kf2 Bb2 34. Rd7 b6 35. Kg3 Kg8 36. Rb7 Bd4 37. f4 Rc2 38. h3 Bc5 39. Bxc5 bxc5 40. Rc7 Rc3+ 41. Kg4 Rxa3 42. Rxc5 Ra7 43. h4 Kg7 44. Kg5 h6+ 45. Kg4 Ra2 46. g3 Ra6 47. h5 gxh5+ 48. Kxh5 Ra3 49. Rc7+ Kf6 50. Rc6+ Kf5 51. Rg6 Ra1 52. Kxh6 1-0